[Event "Quebec op"]
[Site "Chess.com"]
[Date "2020.07.26"]
[Round "2.15"]
[White "Duval, Mathieu"]
[Black "Wu, Ting En Ryan"]
[Result "1-0"]
[WhiteElo "1363"]
[BlackElo "980"]
[PlyCount "87"]
[EventDate "2020.07.25"]
[EventType "swiss"]
[EventRounds "7"]
[EventCountry "CAN"]

1. d4 Nf6 2. c4 g6 3. Nc3 Bg7 4. e4 d6 5. f4 c5 6. d5 O-O 7. Nf3 e6 8. Bd3 exd5
9. cxd5 a6 10. a4 b6 11. O-O Bb7 12. Qe2 Re8 13. Qc2 Nbd7 14. b3 Rc8 15. Bb2
Bh6 16. Nd2 Bg7 17. Nc4 Nf8 18. h3 a5 19. Nb5 Re7 20. Ncxd6 Rb8 21. Nc4 Ba6 22.
Ne5 Bxb5 23. Bxb5 Rxe5 24. Bxe5 Rc8 25. Rfd1 N8d7 26. Bxd7 Nxd7 27. Bxg7 Kxg7
28. Qc3+ Kg8 29. e5 Nf8 30. Rd2 Rc7 31. d6 Rd7 32. Rad1 Ne6 33. Qf3 Nd4 34. Qc3
Qh4 35. Rxd4 cxd4 36. Rxd4 Qd8 37. Rc4 Kg7 38. e6+ Qf6 39. Qxf6+ Kxf6 40. exd7
Ke6 41. d8=Q Kd5 42. d7 Kd6 43. Qe8 f5 44. d8=R# 1-0

[Event "Quebec op"]
[Site "Chess.com"]
[Date "2020.07.26"]
[Round "2.16"]
[White "Guillemette, Thomas"]
[Black "Fortin, Anne-Esmee"]
[Result "0-1"]
[WhiteElo "891"]
[BlackElo "1339"]
[PlyCount "144"]
[EventDate "2020.07.25"]
[EventType "swiss"]
[EventRounds "7"]
[EventCountry "CAN"]

1. e4 e5 2. Nf3 Nc6 3. Bc4 Bc5 4. c3 Nf6 5. d4 exd4 6. cxd4 Bb4+ 7. Nc3 Nxe4 8.
O-O Nxc3 9. bxc3 Bxc3 10. Qb3 Bxa1 11. Bxf7+ Kf8 12. Bg5 Nxd4 13. Qb4+ d6 14.
Bxd8 Nxf3+ 15. gxf3 Kxf7 16. Bh4 Bf6 17. Qc4+ Kg6 18. Bxf6 gxf6 19. Qxc7 Bh3
20. Rb1 Rhg8 21. Qxd6 Kh6+ 22. Kh1 Bg2+ 23. Kg1 Bxf3+ 24. Kf1 Bg2+ 25. Kg1 Be4+
26. Kf1 Bxb1 27. Qxf6+ Rg6 28. Qf4+ Kg7 29. Qc7+ Kh8 30. Qxb7 Bd3+ 31. Ke1 Re8+
32. Kd2 Rg7 33. Qc6 Bg6 34. Qf6 Kg8 35. Qa6 Rd7+ 36. Kc3 Rd3+ 37. Kc4 Re4+ 38.
Kc5 Rc3+ 39. Kd5 Rd3+ 40. Qxd3 Re5+ 41. Kxe5 Bxd3 42. f4 Kf7 43. f5 a5 44. a3
h5 45. h4 a4 46. f6 Bg6 47. Kd4 Kxf6 48. Kc4 Be8 49. Kd4 Kf5 50. Ke3 Kg4 51.
Kf2 Kxh4 52. Kg1 Kg3 53. Kh1 Kf3 54. Kg1 Ke3 55. Kf1 Kd3 56. Ke1 Kc3 57. Kd1
Kb3 58. Kc1 h4 59. Kd1 h3 60. Ke1 h2 61. Kf2 h1=Q 62. Ke2 Kxa3 63. Ke3 Kb2 64.
Kd3 a3 65. Kd4 a2 66. Ke3 a1=R 67. Kd2 Qe1+ 68. Kd3 Ra3+ 69. Kc4 Qe4+ 70. Kc5
Ra5+ 71. Kb6 Qc6+ 72. Kxa5 Qb5# 0-1

[Event "Quebec op"]
[Site "Chess.com"]
[Date "2020.07.26"]
[Round "2.17"]
[White "Imbeault, Marc"]
[Black "Bilodeau-Savaria, Karl"]
[Result "1-0"]
[WhiteElo "1190"]
[BlackElo "759"]
[PlyCount "69"]
[EventDate "2020.07.25"]
[EventType "swiss"]
[EventRounds "7"]
[EventCountry "CAN"]

1. e4 c5 2. Nf3 d6 3. g3 e5 4. Bg2 Nf6 5. d3 Nc6 6. O-O Be7 7. Nbd2 O-O 8. c3
Be6 9. Re1 Qd7 10. Nf1 Rad8 11. Ne3 d5 12. exd5 Nxd5 13. Qe2 Nxe3 14. Bxe3 Qxd3
15. Qxd3 Rxd3 16. a3 Rfd8 17. Bf1 R3d7 18. Bb5 Bg4 19. Bxc6 bxc6 20. Nxe5 Rd1
21. Nxg4 Rxa1 22. Rxa1 g6 23. Ne5 Rc8 24. Nd7 Rd8 25. Nxc5 Rd5 26. b4 a5 27.
Bd4 Bxc5 28. Bxc5 a4 29. Bd4 Kf8 30. Re1 f5 31. Re6 Kf7 32. Rxc6 Rd7 33. Kg2
Ke7 34. Kf3 Kd8 35. Ra6 1-0

[Event "Quebec op"]
[Site "Chess.com"]
[Date "2020.07.27"]
[Round "3.2"]
[White "Ouellet, Maili-Jade"]
[Black "Bolduc, Steve"]
[Result "1-0"]
[WhiteElo "2341"]
[BlackElo "2091"]
[PlyCount "91"]
[EventDate "2020.07.25"]
[EventType "swiss"]
[EventRounds "7"]
[EventCountry "CAN"]

1. d4 d5 2. c4 c6 3. Nf3 e6 4. Nc3 dxc4 5. Bg5 Qc7 6. g3 Bd6 7. Bg2 h6 8. Bd2
Nd7 9. O-O Ngf6 10. e4 e5 11. Qe2 O-O 12. Qxc4 b6 13. Rac1 c5 14. Nb5 Qb8 15.
Nxd6 Qxd6 16. Nxe5 Nxe5 17. dxe5 Qxd2 18. exf6 Be6 19. Qb5 Rad8 20. fxg7 Kxg7
21. a3 Qd3 22. Qxd3 Rxd3 23. Rfd1 Rfd8 24. Rxd3 Rxd3 25. Bf1 Rd4 26. e5 a5 27.
Rc3 Rd1 28. g4 Bc8 29. f4 Rb1 30. f5 Ba6 31. Rf3 Re1 32. h3 Bxf1 33. Rxf1 Rxe5
34. Kf2 Kf6 35. Rd1 Ke7 36. Rd3 a4 37. b3 b5 38. bxa4 bxa4 39. Rc3 Kd6 40. Rc4
Kc6 41. Rxa4 Kb5 42. Ra7 c4 43. Rxf7 c3 44. Rc7 Rc5 45. Rxc5+ Kxc5 46. Ke1 1-0

[Event "Quebec op"]
[Site "Chess.com"]
[Date "2020.07.27"]
[Round "3.3"]
[White "Neacsu, Catalin"]
[Black "Huang, Qiuyu"]
[Result "0-1"]
[WhiteElo "1947"]
[BlackElo "2203"]
[PlyCount "56"]
[EventDate "2020.07.25"]
[EventType "swiss"]
[EventRounds "7"]
[EventCountry "CAN"]

1. e4 c5 2. Nf3 Nc6 3. d4 cxd4 4. Nxd4 g6 5. Nxc6 bxc6 6. Qd4 Nf6 7. e5 Nd5 8.
Bc4 Qb6 9. Qxb6 Nxb6 10. Bd3 Bb7 11. Nc3 Bg7 12. Bf4 c5 13. Be4 d5 14. Bf3 a6
15. O-O-O e6 16. a4 h6 17. h4 Ke7 18. b3 Rhc8 19. Rhe1 Rab8 20. a5 Nd7 21. Kb2
Ba8 22. Na2 Rb5 23. Ra1 c4 24. b4 d4 25. Bxa8 Rxa8 26. Rad1 Nxe5 27. f3 Nc6 28.
Ka3 e5 0-1

[Event "Quebec op"]
[Site "Chess.com"]
[Date "2020.07.27"]
[Round "3.4"]
[White "Allard, Laurent"]
[Black "Turcotte, Jonathan"]
[Result "1-0"]
[WhiteElo "2165"]
[BlackElo "2033"]
[PlyCount "63"]
[EventDate "2020.07.25"]
[EventType "swiss"]
[EventRounds "7"]
[EventCountry "CAN"]

1. e4 c6 2. d4 d5 3. Nd2 dxe4 4. Nxe4 Bf5 5. Ng3 Bg6 6. h4 h6 7. Nf3 Nd7 8. h5
Bh7 9. Bd3 Bxd3 10. Qxd3 e6 11. Bd2 Ngf6 12. O-O-O Be7 13. Ne4 Nxe4 14. Qxe4
Nf6 15. Qd3 c5 16. Qb5+ Qd7 17. Qxd7+ Nxd7 18. c4 cxd4 19. Nxd4 Ne5 20. Bc3
Nxc4 21. Nb5 O-O 22. Rd7 Bg5+ 23. Kc2 a6 24. Nd4 b5 25. Nxe6 fxe6 26. Rxg7+ Kh8
27. Rxg5+ e5 28. Rg6 Rxf2+ 29. Kb3 Kh7 30. Rd1 Ra7 31. a4 e4 32. Rd8 1-0

[Event "Quebec op"]
[Site "Chess.com"]
[Date "2020.07.27"]
[Round "3.6"]
[White "Leger, Manon"]
[Black "Duval, Mathieu"]
[Result "1-0"]
[WhiteElo "1894"]
[BlackElo "1363"]
[PlyCount "131"]
[EventDate "2020.07.25"]
[EventType "swiss"]
[EventRounds "7"]
[EventCountry "CAN"]

1. e4 c5 2. Nf3 Nc6 3. d4 cxd4 4. Nxd4 g6 5. c4 Bg7 6. Be3 d6 7. Nc3 Bd7 8. Be2
Nf6 9. Rc1 O-O 10. O-O Rc8 11. b3 a6 12. Kh1 Nxd4 13. Bxd4 Bc6 14. f3 Qa5 15.
Qd2 b5 16. Be3 bxc4 17. Bxc4 Rfe8 18. a4 Nd7 19. Nd5 Qxd2 20. Bxd2 Bb7 21. Bg5
Kf8 22. b4 e6 23. Ne3 f6 24. Bf4 e5 25. Bg3 Bh6 26. Bf2 Nb6 27. Bb3 Rxc1 28.
Rxc1 Rc8 29. Rxc8+ Bxc8 30. Ng4 Bxg4 31. Bxb6 Bd7 32. Kg1 Ke7 33. Kf2 Bc6 34.
Ke2 Kd7 35. Bg8 Bxa4 36. Bxh7 g5 37. Bg8 Bb5+ 38. Kf2 Bf8 39. Bd5 Be7 40. g3
Kc8 41. h4 gxh4 42. gxh4 Kd7 43. Bf7 Bf8 44. Be3 Ke7 45. Bg8 Bg7 46. h5 Bh8 47.
h6 Bd3 48. Bd5 Bb5 49. f4 Bd3 50. f5 Bb5 51. Bb3 Bd3 52. Kf3 Bb5 53. Bd1 Bc4
54. Be2 Bxe2+ 55. Kxe2 Ke8 56. Kd3 Kd7 57. Kc4 Kc6 58. Bf2 Kc7 59. Kd5 Kd7 60.
Ba7 Ke7 61. Kc6 Kf7 62. Kxd6 Kg8 63. Kc6 Kh7 64. Be3 Bg7 65. hxg7 Kxg7 66. Kb6
1-0

[Event "Quebec op"]
[Site "Chess.com"]
[Date "2020.07.27"]
[Round "3.7"]
[White "Dufresne, Christophe"]
[Black "Kozlov, Guennadi"]
[Result "0-1"]
[WhiteElo "1586"]
[BlackElo "1886"]
[PlyCount "74"]
[EventDate "2020.07.25"]
[EventType "swiss"]
[EventRounds "7"]
[EventCountry "CAN"]

1. e4 e6 2. d4 d5 3. exd5 exd5 4. Bd3 Bd6 5. Nf3 Ne7 6. O-O Bg4 7. Bg5 f6 8.
Bh4 O-O 9. Nbd2 Nf5 10. Bxf5 Bxf5 11. c3 c6 12. Re1 Nd7 13. Bg3 Bxg3 14. hxg3
Re8 15. Nh4 Be6 16. Qc2 Nf8 17. Nb3 b6 18. Re3 Qd7 19. Rae1 Bf7 20. Rxe8 Rxe8
21. Rxe8 Qxe8 22. Kf1 Ng6 23. Nxg6 Bxg6 24. Qd2 Qe4 25. a3 Qb1+ 26. Nc1 h6 27.
f3 a5 28. Kf2 Kf7 29. Ne2 Bd3 30. Ke3 Bb5 31. Kf2 Bc4 32. Ke3 Qf1 33. Nf4 g5
34. Nh5 Kg6 35. g4 f5 36. Qc2 Qe1+ 37. Qe2 Qxe2# 0-1

[Event "Quebec op"]
[Site "Chess.com"]
[Date "2020.07.27"]
[Round "3.8"]
[White "Couture, Jonathan"]
[Black "Imbeault, Marc"]
[Result "1-0"]
[WhiteElo "1853"]
[BlackElo "1190"]
[PlyCount "101"]
[EventDate "2020.07.25"]
[EventType "swiss"]
[EventRounds "7"]
[EventCountry "CAN"]

1. e4 c5 2. Nf3 d6 3. Nc3 Nf6 4. d4 cxd4 5. Nxd4 Nc6 6. Bg5 e6 7. Qd2 Be7 8. f3
O-O 9. O-O-O Bd7 10. Kb1 Nxd4 11. Qxd4 e5 12. Qd2 a6 13. Bxf6 Bxf6 14. Qxd6 Be6
15. Qxd8 Raxd8 16. Be2 Be7 17. a3 b5 18. Rxd8 Rxd8 19. Rd1 Rxd1+ 20. Nxd1 Bc5
21. b4 Bg1 22. h3 Kf8 23. Kb2 Ke7 24. a4 Bd7 25. axb5 axb5 26. c4 bxc4 27. Bxc4
Ba4 28. Nc3 Bd4 29. Ka3 Be8 30. Ne2 Be3 31. Kb3 Kd6 32. Nc3 Bf2 33. Nb5+ Kc6
34. Na3 Kb6 35. Bd5 Bh4 36. Nc4+ Kc7 37. Nxe5 f6 38. Nd3 Bg3 39. Kc4 Kb6 40.
Kd4 Bd6 41. f4 Bb5 42. Bc4 Bc6 43. g3 g5 44. h4 gxh4 45. gxh4 h5 46. b5 Be8 47.
Kd5 Bc7 48. Ke6 Bd8 49. f5 Kc7 50. Nf4 Kc8 51. Nd5 1-0

[Event "Quebec op"]
[Site "Chess.com"]
[Date "2020.07.27"]
[Round "3.9"]
[White "Bilodeau-Savaria, Sandy-Rose"]
[Black "Wang, Rachel"]
[Result "0-1"]
[WhiteElo "1501"]
[BlackElo "1837"]
[PlyCount "77"]
[EventDate "2020.07.25"]
[EventType "swiss"]
[EventRounds "7"]
[EventCountry "CAN"]

1. d4 d5 2. c4 dxc4 3. Nf3 Nf6 4. e3 e6 5. Bxc4 c5 6. Nc3 Nc6 7. O-O cxd4 8.
exd4 Be7 9. a3 O-O 10. Be3 a6 11. Ba2 b5 12. Re1 Bb7 13. Qe2 Na7 14. Ne5 Nc8
15. Rad1 Nb6 16. Bg5 Nfd5 17. Bxd5 Nxd5 18. Nxd5 Bxg5 19. Nb4 Rc8 20. Qd3 Qc7
21. Re2 Qc1 22. Na2 Qf4 23. g3 Qf5 24. Qxf5 exf5 25. f4 Bh6 26. Red2 g5 27. Rf1
Rfd8 28. Nc3 f6 29. Nf3 gxf4 30. gxf4 Bxf4 31. Rdd1 Be3+ 32. Kg2 Rxd4 33. Rxd4
Bxd4 34. Rc1 Be3 35. Rc2 Kf7 36. Re2 f4 37. h4 Rg8+ 38. Kh3 Rg3+ 39. Kh2 0-1

[Event "Quebec op"]
[Site "Chess.com"]
[Date "2020.07.27"]
[Round "3.11"]
[White "Fortin, Anne-Esmee"]
[Black "Dube, Daniel"]
[Result "1-0"]
[WhiteElo "1339"]
[BlackElo "1737"]
[PlyCount "61"]
[EventDate "2020.07.25"]
[EventType "swiss"]
[EventRounds "7"]
[EventCountry "CAN"]

1. e4 c5 2. c3 Nf6 3. e5 Nd5 4. d4 cxd4 5. cxd4 Nc6 6. Nf3 Nb6 7. Nc3 d5 8. Bd3
Bg4 9. Be3 e6 10. a3 Be7 11. O-O O-O 12. h3 Bf5 13. Bxf5 exf5 14. Qd3 g6 15.
Bh6 Re8 16. b3 Bf8 17. Qd2 Bg7 18. Bxg7 Kxg7 19. Nb5 Nc8 20. Rfe1 Qd7 21. Nc3
h6 22. Qf4 Nd8 23. Qg3 Ne6 24. Ne2 Ne7 25. Nf4 Kh7 26. Rec1 Rac8 27. h4 Rxc1+
28. Rxc1 Rc8 29. Rxc8 Qxc8 30. Kh2 Qc3 31. Ng5+ 1-0

[Event "Quebec op"]
[Site "Chess.com"]
[Date "2020.07.27"]
[Round "3.12"]
[White "Neacsu, Theodore"]
[Black "Lynch, Jonathan"]
[Result "1/2-1/2"]
[WhiteElo "1161"]
[BlackElo "1682"]
[PlyCount "84"]
[EventDate "2020.07.25"]
[EventType "swiss"]
[EventRounds "7"]
[EventCountry "CAN"]

1. e4 d6 2. d4 Nf6 3. Nc3 Nbd7 4. Nf3 e5 5. dxe5 dxe5 6. Bd3 c6 7. O-O Qc7 8.
b3 Bc5 9. Bb2 O-O 10. a3 Re8 11. b4 Bf8 12. Qd2 b5 13. Rfd1 Nb6 14. Qe2 Bg4 15.
h3 Bh5 16. Bc1 h6 17. Be3 Nbd7 18. Re1 g5 19. g4 Nxg4 20. hxg4 Bxg4 21. Kg2 Nf6
22. Qd2 Qd7 23. Ng1 Bh5 24. f3 Rad8 25. Qf2 Ra8 26. Rad1 Qe6 27. Bc5 Bg7 28.
Bf1 g4 29. Qg3 Red8 30. Be2 Bg6 31. Rxd8+ Rxd8 32. Bd3 gxf3+ 33. Qxf3 a6 34.
Nge2 Nh7 35. Rh1 Ng5 36. Qg3 f5 37. exf5 Bxf5 38. Bxf5 Qxf5 39. Rc1 Rd2 40. Be3
Ne4 41. Qf3 Qxf3+ 42. Kxf3 Ng5+ 1/2-1/2

[Event "Quebec op"]
[Site "Chess.com"]
[Date "2020.07.27"]
[Round "3.13"]
[White "Chanot, Frederic"]
[Black "He, Jiaqi"]
[Result "0-1"]
[WhiteElo "1079"]
[BlackElo "1671"]
[PlyCount "32"]
[EventDate "2020.07.25"]
[EventType "swiss"]
[EventRounds "7"]
[EventCountry "CAN"]

1. e4 e5 2. Nf3 Nc6 3. Bc4 Bc5 4. Nc3 Nf6 5. h3 d6 6. d3 h6 7. Qe2 O-O 8. Bd2
Nd4 9. Nxd4 exd4 10. Na4 a6 11. Nxc5 dxc5 12. g4 b5 13. Bb3 Re8 14. f4 c4 15.
dxc4 Rxe4 16. Bc1 Rxe2+ 0-1

[Event "Quebec op"]
[Site "Chess.com"]
[Date "2020.07.27"]
[Round "3.14"]
[White "Langlois, Emanuel"]
[Black "Potvin, Alain-Nicolas"]
[Result "0-1"]
[WhiteElo "1290"]
[BlackElo "1723"]
[PlyCount "120"]
[EventDate "2020.07.25"]
[EventType "swiss"]
[EventRounds "7"]
[EventCountry "CAN"]

1. d4 Nf6 2. Nf3 g6 3. c4 Bg7 4. g3 c6 5. Bg2 O-O 6. O-O d6 7. Nc3 Qa5 8. Bd2
Qh5 9. h3 Bxh3 10. Nh2 Bxg2 11. Kxg2 Qf5 12. f3 d5 13. e4 dxe4 14. fxe4 Qd7 15.
e5 Ne8 16. Bf4 Nc7 17. Ng4 Ne6 18. Ne2 Na6 19. Qd2 Nxf4+ 20. Qxf4 f5 21. Nh6+
Bxh6 22. Qxh6 Rf7 23. Rad1 Nc7 24. Nf4 Rg7 25. Rfe1 Ne6 26. Nxe6 Qxe6 27. b3
Rd8 28. Qg5 b5 29. cxb5 cxb5 30. Kf2 Qd5 31. Qe3 e6 32. Re2 Rc7 33. Qg5 Rdc8
34. Rdd2 Qh1 35. Re1 Qh2+ 36. Kf1 Qh3+ 37. Kg1 Rc1 38. Rde2 Rxe1+ 39. Rxe1 Rc2
40. Qd8+ Kg7 41. Qf6+ Kh6 42. Qh4+ Qxh4 43. gxh4 Rd2 44. Rc1 Rxd4 45. Rc6 Rxh4
46. Rxe6 Re4 47. Kf2 Kg5 48. Re7 h5 49. e6 Kf6 50. Rxa7 Rxe6 51. a4 bxa4 52.
bxa4 Rc6 53. Ra8 Rc2+ 54. Ke3 Kg5 55. a5 Ra2 56. a6 h4 57. Kd3 h3 58. Kc3 h2
59. Kb3 h1=Q 60. Kxa2 Qxa8 0-1

[Event "Quebec op"]
[Site "Chess.com"]
[Date "2020.07.27"]
[Round "3.15"]
[White "Wu, Ting En Ryan"]
[Black "He, Zekai"]
[Result "0-1"]
[WhiteElo "980"]
[BlackElo "1575"]
[PlyCount "130"]
[EventDate "2020.07.25"]
[EventType "swiss"]
[EventRounds "7"]
[EventCountry "CAN"]

1. d4 d5 2. c4 e6 3. e3 Nf6 4. Nf3 c6 5. Bd3 Bd6 6. O-O O-O 7. Nc3 Nbd7 8. e4
dxe4 9. Nxe4 Nxe4 10. Bxe4 Nf6 11. Bg5 Be7 12. Bc2 Re8 13. Qd3 g6 14. Ne5 Nd7
15. Bxe7 Qxe7 16. Nxd7 Bxd7 17. Rfe1 Qg5 18. Re5 Qf6 19. Rae1 Rad8 20. c5 Bc8
21. h3 Rd7 22. Qe4 Red8 23. Rc1 Rxd4 24. Qe3 R4d7 25. Re1 Rd2 26. Re2 R2d7 27.
Kh2 Rd5 28. Rxd5 cxd5 29. b3 Qe7 30. Rd2 Bd7 31. c6 bxc6 32. Qxa7 Qd6+ 33. g3
c5 34. Qa3 d4 35. Be4 Qe5 36. Bg2 Rf8 37. Qb2 Qd6 38. b4 Rb8 39. a3 e5 40. Rd1
cxb4 41. Rb1 Bf5 42. Ra1 bxa3 43. Qxa3 Qxa3 44. Rxa3 d3 45. Ra1 d2 46. Bf3 Rb2
47. g4 Bc2 48. Kg3 Rb3 49. Kg2 Rxf3 50. Kxf3 d1=Q+ 51. Rxd1 Bxd1+ 52. Ke4 f6
53. f4 exf4 54. Kxf4 Kf7 55. g5 f5 56. h4 Ke6 57. Kg3 Ke5 58. Kh3 Ke4 59. Kg3
f4+ 60. Kf2 f3 61. Ke1 Ba4 62. Kf2 Kf4 63. Kf1 Kg3 64. Kg1 f2+ 65. Kf1 Bb5# 0-1

[Event "Quebec op"]
[Site "Chess.com"]
[Date "2020.07.27"]
[Round "3.16"]
[White "Guillemette, Thomas"]
[Black "Zhao, Alex"]
[Result "0-1"]
[WhiteElo "891"]
[BlackElo "1124"]
[PlyCount "84"]
[EventDate "2020.07.25"]
[EventType "swiss"]
[EventRounds "7"]
[EventCountry "CAN"]

1. e4 e5 2. Nf3 Nc6 3. Bc4 Nd4 4. Nxd4 exd4 5. Qf3 Qf6 6. Qd3 Ne7 7. O-O Ng6 8.
Re1 Bd6 9. c3 dxc3 10. Nxc3 O-O 11. Ne2 Be5 12. Rb1 d6 13. Bd5 c6 14. Bc4 Be6
15. Qb3 b5 16. Bxe6 fxe6 17. Rf1 d5 18. exd5 exd5 19. Nc3 Bd4 20. Ne4 Qf5 21.
Qd3 Qxe4 22. Qxe4 dxe4 23. a3 Ne5 24. b4 Nd3 25. Rb3 Nxf2 26. Rxf2 Bxf2+ 27.
Kh1 Be1 28. h3 Rf1+ 29. Kh2 Bg3+ 30. Kxg3 Rxc1 31. Re3 Re8 32. d3 Rc3 33. Rxe4
Rxd3+ 34. Kf4 g5+ 35. Kf5 Rd5+ 36. Re5 Rexe5+ 37. Kg4 Kg7 38. Kg3 h5 39. h4
Rd3+ 40. Kh2 g4 41. Kg1 g3 42. Kf1 Rd1# 0-1

[Event "Quebec op"]
[Site "Chess.com"]
[Date "2020.07.27"]
[Round "3.17"]
[White "Bilodeau-Savaria, Karl"]
[Black "Li, Jake Chi Hang"]
[Result "0-1"]
[WhiteElo "759"]
[BlackElo "1008"]
[PlyCount "60"]
[EventDate "2020.07.25"]
[EventType "swiss"]
[EventRounds "7"]
[EventCountry "CAN"]

1. d4 d5 2. c4 c6 3. Nf3 Nf6 4. e3 e6 5. Nc3 Bd6 6. Bd3 O-O 7. O-O Re8 8. Re1
e5 9. e4 exd4 10. Nxd4 c5 11. Nf5 Bxf5 12. exf5 dxc4 13. Rxe8+ Qxe8 14. Bxc4
Qc6 15. Bg5 Nbd7 16. Bb5 Qc7 17. Qd2 Bxh2+ 18. Kh1 Be5 19. Rd1 Nb6 20. Bxf6
Bxf6 21. Nd5 Nxd5 22. Qxd5 Rd8 23. Qb3 Rxd1+ 24. Qxd1 Bxb2 25. Qe2 Qe5 26. Qg4
Qe1+ 27. Kh2 Be5+ 28. g3 Qxf2+ 29. Kh3 h5 30. Qxh5 Qxg3# 0-1

[Event "Quebec op"]
[Site "Chess.com"]
[Date "2020.07.28"]
[Round "4.2"]
[White "Huang, Qiuyu"]
[Black "Ouellet, Maili-Jade"]
[Result "1-0"]
[WhiteElo "2203"]
[BlackElo "2341"]
[PlyCount "55"]
[EventDate "2020.07.25"]
[EventType "swiss"]
[EventRounds "7"]
[EventCountry "CAN"]

1. e4 c5 2. Nf3 d6 3. d4 cxd4 4. Nxd4 Nf6 5. Nc3 a6 6. Bg5 Nbd7 7. Qe2 Qc7 8.
O-O-O e6 9. f4 Be7 10. g4 b5 11. a3 Bb7 12. Bg2 Rc8 13. Rhe1 h6 14. Bxf6 Nxf6
15. g5 hxg5 16. fxg5 Nh5 17. g6 Bg5+ 18. Kb1 Nf4 19. Qg4 Bh6 20. gxf7+ Qxf7 21.
Rf1 Ke7 22. Bh3 g5 23. Nd5+ exd5 24. Qd7+ Kf8 25. Rxf4 Qxf4 26. Ne6+ Kg8 27.
Nxf4 Rh7 28. Be6+ 1-0

[Event "Quebec op"]
[Site "Chess.com"]
[Date "2020.07.28"]
[Round "4.3"]
[White "Bolduc, Steve"]
[Black "Bilodeau-Savaria, Carl-William"]
[Result "1-0"]
[WhiteElo "2091"]
[BlackElo "1766"]
[PlyCount "57"]
[EventDate "2020.07.25"]
[EventType "swiss"]
[EventRounds "7"]
[EventCountry "CAN"]

1. d4 d5 2. c4 e6 3. Nc3 Nf6 4. cxd5 exd5 5. Bg5 Be7 6. Qc2 Nbd7 7. e3 c6 8.
Bd3 O-O 9. Nf3 Re8 10. h3 Ne4 11. Bxe4 dxe4 12. Nxe4 Qa5+ 13. Kf1 Qf5 14. Bxe7
Rxe7 15. Nfd2 Qg6 16. Rc1 b6 17. Ng3 Ba6+ 18. Kg1 Qe6 19. Kh2 c5 20. Qe4 Qxe4
21. Ngxe4 Bd3 22. Nc3 cxd4 23. exd4 Rae8 24. Nf3 Be2 25. Nd2 Bd3 26. Nf1 b5 27.
Ne3 Nb6 28. Rhd1 Bc4 29. b3 1-0

[Event "Quebec op"]
[Site "Chess.com"]
[Date "2020.07.28"]
[Round "4.4"]
[White "Kozlov, Guennadi"]
[Black "Adam, Rafael"]
[Result "1/2-1/2"]
[WhiteElo "1886"]
[BlackElo "2049"]
[PlyCount "95"]
[EventDate "2020.07.25"]
[EventType "swiss"]
[EventRounds "7"]
[EventCountry "CAN"]

1. e4 e5 2. f4 d5 3. exd5 exf4 4. Nf3 Nf6 5. Nc3 Nxd5 6. Nxd5 Qxd5 7. d4 Bd6 8.
Be2 O-O 9. O-O Bg4 10. c4 Qe6 11. c5 Be7 12. Bxf4 c6 13. Qc2 Bf5 14. Bd3 Bxd3
15. Qxd3 Bf6 16. Bd6 Rd8 17. Ne5 Bxe5 18. dxe5 Nd7 19. Qf5 Re8 20. Rae1 Qxf5
21. Rxf5 Re6 22. Ref1 f6 23. exf6 Rxf6 24. Rxf6 Nxf6 25. Re1 Re8 26. Rxe8+ Nxe8
27. Bb8 a6 28. Kf2 Kf7 29. Ke3 Ke6 30. Kd4 Nf6 31. Be5 Ng4 32. Bxg7 Nxh2 33.
Ke4 Nf1 34. Bc3 Ng3+ 35. Kf3 Nf5 36. Kf4 Ne7 37. Kg5 Kf7 38. Bd4 Ng6 39. g3 Ne7
40. Kf4 Ke6 41. Ke4 Nd5 42. a3 Ne7 43. Bc3 Nd5 44. Bd4 Ne7 45. Bc3 Ng6 46. Bd4
Nf8 47. Bg7 Nd7 48. Bd4 1/2-1/2

[Event "Quebec op"]
[Site "Chess.com"]
[Date "2020.07.28"]
[Round "4.5"]
[White "Turcotte, Jonathan"]
[Black "Couture, Jonathan"]
[Result "1-0"]
[WhiteElo "2033"]
[BlackElo "1853"]
[PlyCount "99"]
[EventDate "2020.07.25"]
[EventType "swiss"]
[EventRounds "7"]
[EventCountry "CAN"]

1. d4 d5 2. c4 c6 3. Nf3 Nf6 4. Nc3 dxc4 5. a4 Bf5 6. Ne5 Nbd7 7. Nxc4 Qc7 8.
g3 e5 9. dxe5 Nxe5 10. Bf4 Nfd7 11. Bg2 f6 12. Nxe5 fxe5 13. Bg5 h6 14. e4 Be6
15. Be3 Nc5 16. O-O Rd8 17. Qe2 Nb3 18. Rad1 Nd4 19. Bxd4 exd4 20. Nd5 Qf7 21.
Rxd4 Bd6 22. Rfd1 Be5 23. R4d2 O-O 24. f4 Bb8 25. Ne3 Bc7 26. b4 Qe7 27. b5 Bb3
28. Rxd8 Rxd8 29. Rxd8+ Qxd8 30. bxc6 bxc6 31. e5 Bb6 32. Bxc6 Qd1+ 33. Kf2
Bxe3+ 34. Qxe3 Qc2+ 35. Kg1 Qd1+ 36. Kg2 Qc2+ 37. Kf1 Qd1+ 38. Qe1 Bc4+ 39. Kf2
Qd4+ 40. Kg2 Be6 41. Qe2 Kf8 42. h3 Ke7 43. Kh2 g5 44. Qe4 Qb2+ 45. Qg2 Qd4 46.
Be4 Qd7 47. h4 Qxa4 48. hxg5 Qe8 49. g6 Qf8 50. Qc2 1-0

[Event "Quebec op"]
[Site "Chess.com"]
[Date "2020.07.28"]
[Round "4.6"]
[White "Wang, Rachel"]
[Black "Neacsu, Catalin"]
[Result "1/2-1/2"]
[WhiteElo "1837"]
[BlackElo "1947"]
[PlyCount "122"]
[EventDate "2020.07.25"]
[EventType "swiss"]
[EventRounds "7"]
[EventCountry "CAN"]

1. d4 Nf6 2. c4 e6 3. Nc3 b6 4. Bg5 Be7 5. e3 Bb7 6. Nf3 d6 7. Bd3 Nbd7 8. O-O
h6 9. Bh4 O-O 10. Rc1 c5 11. Qe2 a6 12. Rfd1 Qc7 13. Bb1 Rfe8 14. Bg3 g6 15. e4
cxd4 16. Nxd4 Nh5 17. Qe3 Kg7 18. Nce2 e5 19. Nf3 Nxg3 20. Nxg3 a5 21. Ne2 Nf6
22. b3 Ng4 23. Qd2 Red8 24. Nc3 Rac8 25. Qb2 Qb8 26. h3 Nf6 27. Kf1 Qa8 28. Qe2
Nh5 29. Qe3 Qa6 30. Nd5 Bxd5 31. Rxd5 Nf4 32. Rb5 Rc5 33. Rxc5 bxc5 34. Rd1 a4
35. Bc2 a3 36. Ng1 Qc8 37. Qc1 Qa6 38. g3 Ne6 39. f4 exf4 40. gxf4 Bf6 41. Ne2
g5 42. f5 Nd4 43. Nc3 Be5 44. Na4 f6 45. Bb1 Qb7 46. Qxa3 Qf7 47. Qb2 Qh5 48.
Rd3 Nxf5 49. Qg2 Ng3+ 50. Kg1 Ne2+ 51. Kf2 Nf4 52. Qg4 Bd4+ 53. Rxd4 cxd4 54.
Qxh5 Nxh5 55. Kf3 Nf4 56. Kg4 h5+ 57. Kg3 Rc8 58. Nb6 Rc6 59. Nd5 Nxd5 60. exd5
Ra6 61. Kf3 Ra3 1/2-1/2

[Event "Quebec op"]
[Site "Chess.com"]
[Date "2020.07.28"]
[Round "4.7"]
[White "Craciun, David"]
[Black "He, Jiaqi"]
[Result "1-0"]
[WhiteElo "1930"]
[BlackElo "1671"]
[PlyCount "49"]
[EventDate "2020.07.25"]
[EventType "swiss"]
[EventRounds "7"]
[EventCountry "CAN"]

1. d4 Nf6 2. Bf4 g6 3. Nc3 Bg7 4. e4 d6 5. Qd2 O-O 6. Nf3 Nbd7 7. Be2 Re8 8.
Rd1 c5 9. d5 a6 10. a4 Ne5 11. Nxe5 dxe5 12. Be3 Qd6 13. O-O b6 14. h3 Bb7 15.
b3 Rad8 16. f4 e6 17. dxe6 Qxe6 18. Qxd8 Rxd8 19. Rxd8+ Ne8 20. f5 Qe7 21. Rfd1
Bf6 22. R8d7 Qf8 23. fxg6 hxg6 24. Rxb7 Ng7 25. Rf1 1-0

[Event "Quebec op"]
[Site "Chess.com"]
[Date "2020.07.28"]
[Round "4.8"]
[White "Fortin, Anne-Esmee"]
[Black "Leger, Manon"]
[Result "0-1"]
[WhiteElo "1339"]
[BlackElo "1894"]
[PlyCount "132"]
[EventDate "2020.07.25"]
[EventType "swiss"]
[EventRounds "7"]
[EventCountry "CAN"]

1. e4 e5 2. Nf3 Nf6 3. Nc3 Nc6 4. d4 exd4 5. Nxd4 Bb4 6. Nxc6 bxc6 7. Bd3 d5 8.
exd5 cxd5 9. O-O O-O 10. Bg5 c6 11. Ne2 Bg4 12. f3 Bh5 13. Ng3 Bg6 14. Kh1 h6
15. Bxg6 fxg6 16. Be3 Qd6 17. c3 Ba5 18. Qd3 Nd7 19. Rad1 Ne5 20. Qc2 Bb6 21.
Bxb6 axb6 22. a3 Nc4 23. Rfe1 Rae8 24. Rxe8 Rxe8 25. Qf2 b5 26. Nf1 Qe7 27. h3
Qe2 28. Qxe2 Rxe2 29. Ng3 Rxb2 30. Re1 Kf7 31. Ne2 Nxa3 32. Nd4 c5 33. Ne6 Rb1
34. Rxb1 Nxb1 35. Nxc5 Nxc3 36. Kg1 Ke7 37. Kf2 Kd6 38. Nd3 d4 39. Kg3 g5 40.
Kg4 g6 41. f4 gxf4 42. Kxf4 Kd5 43. g4 g5+ 44. Kf5 Kc4 45. Nb2+ Kb3 46. Nd3 Kc2
47. Nb4+ Kb3 48. Nd3 Nd5 49. Ke4 Nf4 50. Nxf4 gxf4 51. Kxd4 Kc2 52. h4 b4 53.
g5 hxg5 54. hxg5 b3 55. g6 b2 56. g7 b1=Q 57. g8=Q Qb4+ 58. Ke5 f3 59. Qg6+ Kb2
60. Qg1 Qd2 61. Qb6+ Kc2 62. Qg6+ Qd3 63. Qc6+ Qc3+ 64. Qxc3+ Kxc3 65. Ke4 f2
66. Ke3 f1=Q 0-1